| 000 | 00406cam a22001217a 4500 | ||
|---|---|---|---|
| 008 | 180718b1976 xxu||||| |||| 00| 0 eng d | ||
| 082 | _aZ47x5422 R189 | ||
| 100 | _aRatnawat, B.P. | ||
| 245 |
_aAgricultural manpower and economic development with special case study of Madhya Pradesh _cby B.P. Ratnawat |
||
| 260 |
_aBombay _bPopular _c1976 |
||
| 300 | _a290p. | ||
| 650 | _aFarm labour - India - Madhya Pradesh | ||
| 999 |
_c352526 _d352526 |
||